000 01014nam a22002177a 4500
999 _c22220
_d22220
003 AR-CdUCM
008 190425b ||||| |||| 00| 0 spa d
040 _aMUNICIPALIDAD PROVINCIAL DEL CUSCO
_cBIBLIOTECA MUNICIPAL DEL CUSCO
082 _aPropuesta/N°7/2001
245 _aPropuesta :
_brevista de opinión de los estudiantes de la carrera Profesional de Derecho /
260 _aCusco.
_bUniversitaria,
_c2021.
300 _a22 páginas. :
_c30 cm.
440 _aPropuesta.
_nAño III, N°7,2001
_947670
505 _aContenido: Breve comentario de la ley de los derechos de participación y control de ciudadanos Ley N°26300. -- El ser abogado. -- La corrupción en el Perú. -- Montesinos ante la encrucijada legal. -- El Islam una religión poco comprendida. ...
650 _aCiencias jurídicas
_915945
650 _aDerecho peruano
_921203
710 _aCarrera Profesional de Derecho
_947671
710 _aUniversidad Nacional de San Antonio Abad del Cusco
_915942
942 _2ddc
_cPP
945 _arac